Niektoré skutočnosti súvisiace s výdavkovou stranou štátneho rozpočtu SR

Efektívnosť vynakladania výdavkov štátneho rozpočtu a rozpočtová disciplína ako základný predpokald vytvárania podmienok na zabránenie nerovnovážneho vývoja hospodárenia s verejnými prostriedkami. Analýza a minimalizácia situácií, ktoré tútu efektívnosť znižujú. Ide o rozpočtové opatrenia, obligatór...

Full description

Saved in:
Bibliographic Details
Main Author: Holková, Vieroslava
Other Authors: Galajda, Michal
Format: Book Chapter
Language:Slovak
Subjects:
Tags: Add Tag
No Tags, Be the first to tag this record!

MARC

LEADER 00000naa$a2200000$$$4500
001 0029691
005 20240502071434.3
041 0 |a slo 
044 |a SK 
245 1 0 |a Niektoré skutočnosti súvisiace s výdavkovou stranou štátneho rozpočtu SR  |c Vieroslava Holková, Michal Galajda 
520 |a Efektívnosť vynakladania výdavkov štátneho rozpočtu a rozpočtová disciplína ako základný predpokald vytvárania podmienok na zabránenie nerovnovážneho vývoja hospodárenia s verejnými prostriedkami. Analýza a minimalizácia situácií, ktoré tútu efektívnosť znižujú. Ide o rozpočtové opatrenia, obligatórne výdavky a štátne fondy. Rozpočtové opatrenia vymedzené zákonom o rozpočtových pravidlách. Počty a výška rozpočtových opatrení. Obligatórne výdavky verzus fakultatívne výdavky. Vplyv existencie štátnych fondov na prehľadnosť hospodárenia s rozpočtovými prostriedkami. Analýzy za roky 1993-2003. 
610 2 0 |a rozpočet štátny 
610 2 0 |a výdavky rozpočtu štátneho 
610 2 0 |a politika rozpočtová 
610 2 0 |a Slovensko 
610 2 0 |a 1993-2003 
610 2 0 |a disciplína finančná 
610 2 0 |a opatrenia 
610 2 0 |a financie verejné 
610 2 0 |a fondy štátne 
610 2 0 |a hospodárenie finančné 
100 1 |a Holková, Vieroslava 
700 1 |a Galajda, Michal